| 000 | 00961naa a22003137a 4500 | ||
|---|---|---|---|
| 001 | BR7804963 | ||
| 003 | BR-BrBNA | ||
| 005 | 20250714162944.0 | ||
| 007 | ta | ||
| 008 | 250630b bl.|||m| |||| 00| 0 por d | ||
| 040 |
_aBR-BrBNA _bpor _cBiblioteca Nacional de Agricultura |
||
| 041 | _a(Pt) | ||
| 072 |
_aF60 _b1000 _bG514 |
||
| 090 | _aF60 BR7804963 | ||
| 100 | 1 | _aSilva, J.U.B. | |
| 100 | 1 | _aSobral, L.F. | |
| 100 | 1 | _aTrindade, J. | |
| 100 | 1 | _aSilva, L.M.S. da | |
| 100 | 1 | _aFonseca, A. | |
| 245 | 1 | _aNutricao em citros [Adubacao; Sergipe; Brasil] | |
| 500 | _aRelatorio anual 1978 Boquim, SE (Brasil): 1978. p. 22-29 [6 tables; 6 ref.] (BR7804963-AMS) | ||
| 650 | _aNutricao vegetal | ||
| 650 | _aFruta citrica | ||
| 650 | _aAdubacao | ||
| 650 | _aSergipe | ||
| 490 | _aRelatorio - Superintendencia da Agricultura e Producao. Estacao Experimental de Boquim (Brazil) | ||
| 942 |
_cAMS _2AGRIS |
||
| 909 |
_a202506 _bLúcia _c55 _dLúcia Elande |
||
| 999 |
_c333110 _d333110 |
||